Conflictos de pareja: diagnóstico y tratamiento

Guardat en:
Dades bibliogràfiques
Autors principals: Bobé, Antoni (Autor), Pérez Testor, Carles (Autor)
Format: Llibre
Idioma:espanyol
Publicat: Barcelona Paidós 1994
Col·lecció:Temas de Salud Mental, 1
Matèries:
Etiquetes: Afegir etiqueta
Sense etiquetes, Sigues el primer a etiquetar aquest registre!

MARC

LEADER 00000nam a2200000 a 4500
001 UCU2203
003 CL-VaPUC
008 960419e19940000SP |||||||||||||||||spa|d
082 0 4 |a 306.872  |b BOB  |2 21 
100 0 |a Bobé, Antoni  |e author  |9 358208 
700 0 |a Pérez Testor, Carles  |e author  |9 358209 
245 1 0 |a Conflictos de pareja: diagnóstico y tratamiento 
300 |a 198 p 
942 |c BK 
945 |d 19960419 00:00:00  |a rleighto 
260 |a Barcelona  |b Paidós  |c 1994 
650 0 |a Parejas  |9 312442 
650 0 |a Aspectos psicológicos  |9 258128 
650 0 |a Familias   |9 255641 
650 0 |a Sexo  |9 257818 
650 7 |a CONFLICTO INTRAFAMILIAR  |2 CL-VaPUC  |9 358210 
650 0 |a Terapia  |9 334442 
583 |a last modification  |c 19960419 00:00:00  |k Rodrigo Vera 
490 0 |a Temas de Salud Mental, 1 
999 |c 246572  |d 246570 
952 |0 0  |1 0  |4 0  |6 306_872000000000000_BOB_1994  |7 0  |8 A  |9 261662  |a BIBEDU  |b BIBEDU  |d 2019-11-19  |i 3193209  |o 306.872 BOB 1994  |p 3193209  |r 2019-11-19  |w 2019-11-19  |y BK  |k EDU